| 000 | 00597nam a2200181Ia 4500 | ||
|---|---|---|---|
| 001 | 23426 | ||
| 003 | GE_BSU | ||
| 008 | 181216s||||||||xx |||||||||||||| ||und|| | ||
| 040 | _cGE_BSU | ||
| 245 | _aСоциальная педагогика. №6. 2017 | ||
| 245 | _bНаучно-практический журнал для социальных работников и педагогов | ||
| 245 | _c.ред.Курасова Т.И. | ||
| 260 | _aмосква | ||
| 260 | _c2017г. | ||
| 300 | _a95гв;28см; | ||
| 653 | _aСоциальная педагогика №6. 2017 | ||
| 942 | _cCR | ||
| 999 |
_c56313 _d56313 |
||